000 01587cam a22004094i 4500
003 PE-LiUPU
005 20250731175629.0
008 150623s1994 xxua r 000 0 eng d
020 _a1564142043
035 _a(Sirsi) i9781564142047
040 _aPE-LiUPU
_bspa
_cPE-LiUPU
_erda
049 _aPRUA
082 0 4 _a428.2
_bI43
_221
100 1 _aImmel, Constance,
_eautor.
245 1 0 _aBetter grammar in 30 minutes a day /
_cConstance Immel.
264 1 _aFranklin Lakes, NJ :
_bCareer Press,
_c1994.
300 _a244 páginas :
_bilustraciones, tablas ;
_c21 centímetros.
336 _atext
_2rdacontent
337 _aunmediated
_2rdamedia
338 _avolume
_2rdacarrier
490 0 _aBetter English Series
500 _aIncluye Glosario (A-V).
505 0 _aNouns and pronouns -- Verbs. Sentence -- Expanding the sentence -- Main clauses. Subordinate clauses -- Agreement -- Commas -- Punctuation and capitalization -- Usage.
526 _aP145
526 _aP127
526 _aP97
526 _aP35
526 _aP14
526 _aP07
650 0 4 _aInglés
_xGramática
_vEjercicios de redacción.
942 _2ddc
_cBOOK
949 _a428.2 I43
_wDEWEY
_c1
_i53309
_lCCODEBUL1
_mBUL
_p12.00
_r0
_sY
_tBOOK
_u2015-6-24
_xTEOLOGIA
_PP35
_0COMPRA
_o.STAFF. Colección Teología
994 _aC0
_bPEPRU
596 _a1
999 _a428.2 I43
_wDEWEY
_c35271
_i53309
_f2021-11-8
_g5
_lCCODEBUL1
_mBUL
_p12.00
_r0
_sY
_tBOOK
_u2015-6-24
_xEDUCACION
_PP35
_0COMPRA
_o.STAFF. Colección Teología
_d35271
980 _81
_gALBERTO SANCHEZ Responsable de Automatización